|
|
|
|
| LEADER |
01031nam a2200289 a 4500 |
| 001 |
4108 |
| 003 |
BD-DhAAL |
| 005 |
20150615120424.0 |
| 008 |
150615s1996 miuab s000 0 eng |
| 010 |
|
|
|a 96060040
|
| 020 |
|
|
|a 0472083295
|
| 040 |
|
|
|a DLC
|c DLC
|d DLC
|d BD-DhAAL
|
| 050 |
0 |
0 |
|a PE1128
|b .C62 1996
|
| 082 |
0 |
0 |
|a 428.6/4
|2 20
|
| 100 |
1 |
|
|a Clarke, Mark A.
|9 12096
|
| 245 |
1 |
0 |
|a Choice readings /
|c Mark A. Clarke, Barbara K. Dobson, Sandra Silberstein.
|
| 260 |
|
|
|a Ann Arbor :
|b University of Michigan Press,
|c c1996.
|
| 300 |
|
|
|a xxi, 271 p. :
|b ill., maps ;
|c 28 cm.
|
| 541 |
|
|
|e 4108
|
| 650 |
|
0 |
|a English language
|x Textbooks for foreign speakers.
|9 11684
|
| 650 |
|
0 |
|a English language
|x Rhetoric.
|9 12097
|
| 650 |
|
0 |
|a College readers.
|9 9433
|
| 700 |
1 |
|
|a Dobson, Barbara K.
|9 12098
|
| 700 |
1 |
|
|a Silberstein, Sandra,
|d 1948-
|9 12099
|
| 942 |
|
|
|2 ddc
|c BK
|
| 999 |
|
|
|c 34731
|d 34731
|
| 952 |
|
|
|0 0
|1 0
|2 ddc
|4 0
|6 428_640000000000000_CLA
|7 0
|9 54317
|a SCL
|b SCL
|c GEN
|d 2015-06-15
|l 0
|o 428.64 CLA
|p 3020004108
|r 2015-06-15
|t 1
|w 2015-06-15
|y BK
|